000 00237nam a22000857a 4500
008 161124b xxu||||| |||| 00| 0 eng d
100 _91398
_ayoung Learners
245 _aThe Ugly Duckling
260 _aNew Delhi
_byoung Learners publicaton
_c2011
999 _c4114
_d4114